Estatísticas para Marcas que começam com J

Clique aqui para jogar o quiz

Estatísticas Gerais

  • Esse quiz foi jogado 13 vezes
  • A pontuação média é 3 de 10

Estatísticas das Respostas

HintResposta% Correto
3.Jeep
67%
1.Jaguar
58%
4.Johnson & Johnson
50%
2.Jack Daniel’s
42%
6.Jac Motors
25%
7.J&B Scotch
8%
5.Johnson's Baby
8%
9.Jelly Belly
0%
8.Jim Beam
0%
10.Jimmy Choo
0%

Distribuição das Pontuações

Percentil de Números Respondidos

Porcentagem de Pessoas com Cada Pontuação

Sua Pontuação Histórica

Você não jogou esse quiz